A francia felvilágosodás Montesquieu, Rousseau, Voltaire
Elmentve itt :
| Szerző: | |
|---|---|
| Adatforrás: | Philobibl |
| Forrásdokumentuma: | Helikon 1995:8. p. 11., 13., 14. |
| Dokumentumtípus: | Cikk |
| Nyelv: | magyar |
| LEADER | 00328nab a2200097 c 4500 | ||
|---|---|---|---|
| 001 | bibPHI0034875 | ||
| 005 | 20200924123414.2 | ||
| 008 | 090910s1995 hu hun | ||
| 100 | 1 | |a Jakab K. Antal | |
| 245 | 1 | 2 | |a A francia felvilágosodás |b Montesquieu, Rousseau, Voltaire |b szöveggyűjtemény |c Jakab K. Antal |
| 773 | 0 | |t Helikon |g 1995:8. p. 11., 13., 14. | |